000
00288nam a22001217a 4500
008
170818b xxu||||| |||| 00| 0 eng d
041
_a
eng
080
_a
51
100
_a
51
101
_a
MAT
245
_a
COLLEGE ALGEBRA THE THEORY OF EQUATIONS
_c
ALTHOEN.S.C
942
_2
udc
_c
BK
999
_c
24155
_d
24155